Enriching our lives : poetry lessons for adult literacy teachers and tutors /

Bibliographic Details
Main Author: Kazemek, Francis E.
Corporate Author: International Reading Association
Other Authors: Rigg, Pat
Format: Book
Language:English
Published: Newark, Del., USA : International Reading Association, [1995]
Subjects:

MARC

Tag First Indicator Second Indicator Subfields
LEADER 00000cam a2200000 a 4500
001 in00001472813
005 20151021055344.0
008 950822s1995 deu b 000 0 eng
010 |a  95040495  
020 |a 0872071375 (pbk.) 
035 |a (OCoLC)33079251 
035 |9 AJF3533AM 
040 |a DLC  |c DLC  |d TXA  |d UtOrBLW 
043 |a n-us--- 
049 |a TXAM 
050 0 0 |a LC151  |b .K39 1995 
082 0 0 |a 808.1/071/5  |2 20 
100 1 |a Kazemek, Francis E. 
245 1 0 |a Enriching our lives :  |b poetry lessons for adult literacy teachers and tutors /  |c Francis E. Kazemek, Pat Rigg. 
264 1 |a Newark, Del., USA :  |b International Reading Association,  |c [1995] 
264 4 |c ©1995 
300 |a 100 pages ;  |c 28 cm. 
336 |a text  |b txt  |2 rdacontent 
337 |a unmediated  |b n  |2 rdamedia 
338 |a volume  |b nc  |2 rdacarrier 
504 |a Includes bibliographical references (pages 98-100). 
650 0 |a Functional literacy  |z United States. 
650 0 |a Poetry  |x Study and teaching (Adult education)  |z United States. 
700 1 |a Rigg, Pat. 
710 2 |a International Reading Association. 
948 |a C:BLW 
999 |a MARS 
999 f f |s c93b7188-7bcc-3b02-893d-07f9d7ccd134  |i c56b9b3a-c497-3601-8766-bde92d0b1c49  |t 0 
952 f f |p normal  |a Texas A&M University  |b College Station  |c Sterling C. Evans Library  |d Evans: Library Stacks  |t 0  |e LC151 .K39 1995  |h Library of Congress classification  |i unmediated -- volume  |m A14825247488 
998 f f |a LC151 .K39 1995  |t 0  |l Evans: Library Stacks